Rock-a-bye baby : and other nursery rhymes

Bibliographic Details
Format: Book
Published: United Kingdom : New Dawn Press Group , 2004
Series:Nursery rhymes
Subjects:

MARC

LEADER 00000cam a2200000 7i4500
001 0000006165
005 20220105104018.0
008 070815
020 |a 1845571169 
090 0 0 |a JP   |b NS ENG (6300) 
245 1 0 |a Rock-a-bye baby :   |b and other nursery rhymes 
260 |a United Kingdom :   |b New Dawn Press Group ,   |c 2004 
440 0 |a Nursery rhymes 
500 |a Children age 4-6 years old (yellow) 
650 0 |a Nursery Rhymes 
999 |a 0000935647   |b Book   |c Children Collection   |e Cawangan Tangkak 
999 |a 0000935648   |b Book   |c Children Collection   |e Cawangan Tangkak 
999 |a 0000983202   |b Book   |c Children Collection   |e Perbadanan Perpustakaan Awam Johor 
999 |a 0000983203   |b Book   |c Children Collection   |e Cawangan Muar 
999 |a 0000983204   |b Book   |c Children Collection   |e Cawangan Bukit Gambir